00766nam a2200205 a 450000100100000000500170001000800410002702000150006804000250008308200150010810000360012324500370015926000370019630000330023350400740026659000750034004900090041595201190042499900170054300001973120200929170123.0100705s1978 xxua r 000 j eng d a0553114506 aDO-SdBNPbspacBNPHU axxxbM129g1 aMaccoby, Michael,d1933-94219514aThe gamesman /cMichael Maccoby. aNew York :bBantam Books,c1978. axii, 302 p. :bil. ;c18 cm. aIncluye referencias bibliográficas y notas al pie de las páginas. aPerteneció a la biblioteca personal de Juan Isidro Jimenes Grullón aBNGR 001054708MOaGRbGRcCTd2010-07-05iLF1l0oxxx M129gp19731-10r2020-06-25w2020-06-25y4ZPréstamo en sala c19245d19245